| 000 | 00688nam a2200217 a 4500 | ||
|---|---|---|---|
| 005 | 20250903063924.0 | ||
| 008 | 011126s1993 mx r 000 0 spa d | ||
| 020 | _a8478691219 | ||
| 035 | _aUPN01000114081 | ||
| 049 | _aCG | ||
| 050 | 4 |
_aLB1140.5 S6 _bD4.2 |
|
| 100 | 1 | _aDeaño Deaño, Manuel | |
| 245 | 1 | 0 |
_aConocimientos lógico-matemáticos en la escuela infantil : _bdesarrollo, diseño y observación / _cManuel Deaño Deaño. |
| 260 |
_aMadrid : _bCEPE, _c1993. |
||
| 300 | _a152 p. | ||
| 440 | 0 |
_aEducación infantil ; _v14 |
|
| 650 | 4 |
_aDiseño curricular _96719 |
|
| 650 | 2 |
_aDesarrollo curricular _9405 |
|
| 650 | 4 |
_aLógica simbólica y matemática _93581 |
|
| 905 | _aLibro | ||
| 999 |
_c87989 _d87989 |
||